National Assembly Library of Thailand

โลกาภิวัตน์กับปัญหาสิทธิมนุษยชน ภารกิจที่ท้าทายมหาวิทยาลัย (ระเบียนเลขที่ 12663)

รายละเอียดในรูปแบบ MARC
000 -LEADER
fixed length control field 00998nam a22002297a 4500
005 - DATE AND TIME OF LATEST TRANSACTION
control field 20251125232837.0
008 - FIXED-LENGTH DATA ELEMENTS--GENERAL INFORMATION
fixed length control field s2545 th tha d
020 ## - INTERNATIONAL STANDARD BOOK NUMBER
International Standard Book Number 9741321813
040 ## - CATALOGING SOURCE
Original cataloging agency NALT
041 ## - LANGUAGE CODE
Language code of text/sound track or separate title tha
050 ## - LIBRARY OF CONGRESS CALL NUMBER
Classification number JC599.T4 จ683ล 2545
245 10 - TITLE STATEMENT
Title โลกาภิวัตน์กับปัญหาสิทธิมนุษยชน ภารกิจที่ท้าทายมหาวิทยาลัย
260 3# - PUBLICATION, DISTRIBUTION, ETC.
Place of publication, distribution, etc. กรุงเทพฯ :
Name of publisher, distributor, etc. ศูนย์ศึกษาการพัฒนาสังคม จุฬาลงกรณ์มหาวิทยาลัย,
Date of publication, distribution, etc. 2545
300 ## - PHYSICAL DESCRIPTION
Extent 120 หน้า ;
Other physical details 21 ซม.
650 04 - SUBJECT ADDED ENTRY--TOPICAL TERM
Topical term or geographic name entry element สิทธิผู้ป่วย
650 04 - SUBJECT ADDED ENTRY--TOPICAL TERM
Topical term or geographic name entry element สิทธิมนุษยชน -- อภิปราย
650 04 - SUBJECT ADDED ENTRY--TOPICAL TERM
Topical term or geographic name entry element สิทธิมนุษยชน -- ไทย
850 ## - HOLDING INSTITUTION
Holding institution NALT
856 40 - ELECTRONIC LOCATION AND ACCESS
Uniform Resource Identifier <a href="https://hdl.handle.net/20.500.14156/337889">https://hdl.handle.net/20.500.14156/337889</a>
-- 1
942 ## - ADDED ENTRY ELEMENTS (KOHA)
Koha item type General Book
Source of classification or shelving scheme Library of Congress Classification
รายการที่มีในห้องสมุด
Withdrawn status Lost status Damaged status Not for loan Collection code Home library Current library Shelving location Cost, normal purchase price Total Checkouts Full call number Barcode Date last seen Cost, replacement price Price effective from Koha item type Source of classification or shelving scheme Date acquired
      Not for Loan General Book collection National Assembly Library of Thailand National Assembly Library of Thailand Parliament Building 2 70.00   JC 599.T4 จ683ล 2545 3961146944 09/06/2017 120.00 09/06/2017 General Book    
        Senate National Assembly Library of Thailand National Assembly Library of Thailand General Book shelves     JC 599.T4 จ683ล 2545 0100005161001 14/09/2022   28/01/2022 General Book Library of Congress Classification 28/01/2022
หอสมุดรัฐสภา
สำนักงานเลขาธิการสภาผู้แทนราษฎร เลขที่ 1111 ถนนสามเสน แขวงถนนนครไชยศรี เขตดุสิต กรุงเทพฯ 10300
The Secretariat of the House of Representatives 1111 Samsen Road, Thanon Nakhon Chai Si, Dusit, Bangkok 10300, THAILAND
โทรศัพท์: +66(0) 2242 5900 ต่อ 5714-5 โทรสาร: +66(0) 2242 5990 อีเมล: [email protected]